Представление документа в формате RUSMARC

ПолеНазваниеЗначение
  Тип записи c
  Библиографический уровень m
001 Контрольный номер RU/УОНБ/EK_N/650905467
005 Дата корректировки 20240131002527.6
010 Индекс ISBN __
9 Тираж 500 экз.
013 Номер (ISMN) __
d Цена 39 к.
100 Данные общей обработки __
a Данные общей обработки 20200816d1970 u y0rusy0189||||ca
101 Язык документа 0_
a Язык текста rus
a Язык текста ukr
f Язык титульного листа ukr
f Язык титульного листа rus
102 Страна публикации __
a Страна публикации UA
105 Кодированные данные (монография) __
a Кодированные данные (монография) y###||||000|y
125 Кодированные данные звукозаписи и нотных изданий __
a Форма изложения нотного текста с|
128 Кодированные данные (звукозаписи-физические характеристики) __
a Кодированные данные: Музыкальная форма и тональность или лад rmz
c Инструменты или голоса, рекомендуемые для солистов (устаревшее) vu||
200 Заглавие и сведения об ответственности 1_
a Заглавие Романси на слова О. Пушкiна
b Общее обозначение материала Ноты
d Параллельное заглавие Романсы на слова А. Пушкина
e Сведения, относящиеся к заглавию [для голоса с сопровожд. фп.]
f Первые сведения об ответственности Ф. Надененко
z Язык параллельного заглавия rus
210 Выходные данные 1_
a Место издания Київ
c Издательство Музична Украiна
d Дата издания 1970
215 Физическое описание __
a Объем 26 с.
c Иллюстрации/тип воспроизводства портр.
d Формат 29 см
225 Серия 1_
a Серия Украiнський солоспiв
e Сведения, относящиеся к заглавию серии A. Надененко. Романси
300 Общие примечания __
a Общие примечания Изд. на укр. и рус. яз.
327 Примечание о содержании 11
a Примечание о содержании Содерж. : Прощание ; Цветы последние ; Счастлив, кто избран своенравно ; Если жизнь тебя обманет ; Твоих признаний, жалоб нежных.
464 Аналитический уровень _0
1 2001
a Прощание
e В последний раз твой образ милый...
464 Аналитический уровень _0
1 2001
a Если жизнь тебя обманет
e Если жизнь тебя обманет...
464 Аналитический уровень _0
1 2001
a Твоих признаний, жалоб нежных
e Твоих признаний, жалоб нежных...
464 Аналитический уровень _0
1 2001
a Цветы последние
e Цветы последние милей...
464 Аналитический уровень _0
1 2001
a Счастлив, кто избран своенравно
e Счастлив, кто избран своенравно...
500 Унифицированное заглавие 10
a Унифицированное заглавие Романсы
512 Заглавие обложки 1_
a Заглавие обложки Романси на слова М. Гоголя
600 Персоналии _1
a Персоналии (Фамилия) Надененко, Федор Николаевич
606 Тематические рубрики 0_
a Основная рубрика Романсы советских композиторов
x Основная подрубрика На стихи поэтов
610 Ключевые слова 0_
a Ключевые слова романсы советских композиторов
610 Ключевые слова 0_
a Ключевые слова на стихи поэтов
610 Ключевые слова 0_
a Ключевые слова Надененко Ф. Н.
686 Индексы других классификаций __
a Классификационный индекс 85.943.4-42-043(2)
2 Код системы rubbk
700 Автор _1
a Фамилия Надененко
b Имя (инициалы) Ф. Н.
g Полное личное имя Федор Николаевич
702 Вторичная интеллектуальная ответственность _1
a Фамилия Гоголь
b Имя (инициалы) Н.
4 Код отношения 520
801 Источник записи _0
a Страна RU
b Организация Ульяновская ОНБ
c Дата составления 20200816
g Правила каталогизации RCR
801 Источник записи _1
a Страна RU
b Организация Ульяновская ОНБ
c Дата составления 20200816
g Правила каталогизации RCR
901 Тип документа __
t Тип документа m
909 Создатель записи __
a Создатель записи Никитина Т. А.
938 Служебная информация __
a Имя БД noti
b Имя библиотеки УОНБ
c Имя АИБС МАРК-SQL
d Номер DOC_ID в БД 22624